=LDR 00000nam 2200000 4500 =001 INLIS000000000012806 =005 20130612104308 =008 ***********************************Ind** =035 ##$$0010-061300000012806 =041 ##$$a Ind =082 ##$$a 615.889 =090 ##$$a 615.889, Sas o =100 ##$$a Sastromijoyo, A. seno =245 ##$$a Obat asli Indonesia, A. Seno Sastromijoyo =260 ##$$a 1988 $b Jakarta =300 ##$$a 132 hlm., 21 cm =650 ##$$a Obat =850 ##$$a NBPNMAT